Landen met het Langste Wegennetwerk - Statistieken

Algemene statistieken
  • Deze quiz is 3.551 keer genomen
  • De gemiddelde score is 16 van 20
Antwoordstatistieken
Lengte (km) Land % Correct
6.853.024 Verenigde Staten
99%
1.529.373 Rusland
98%
5.012.500 China
97%
1.042.300 Canada
95%
644.480 Duitsland
95%
1.751.868 Brazilië
94%
965.446 Frankrijk
94%
683.175 Spanje
91%
5.903.293 India
90%
920.217 Australië
88%
487.700 Italië
84%
1.215.000 Japan
81%
397.039 Verenigd Koninkrijk
79%
423.997 Polen
76%
579.564 Zweden
70%
750.014 Zuid-Afrika
67%
950.974 Indonesië
66%
426.906 Turkije
63%
454.000 Finland
62%
1.052.210 Thailand
47%
Geen overeenkomende quizzen gevonden
Scoreverdeling
Procent van Mensen met Elke Score
Percentiel versus Aantal Correcte Antwoorden
Uw Scoregeschiedenis
U heeft deze quiz nog niet genomen